| 000 | 00364nam a2200133Ia 4500 | ||
|---|---|---|---|
| 008 | 150202s9999 xx 000 0 und d | ||
| 020 | _a055323272X | ||
| 050 |
_aFIC _bFIC |
||
| 100 | _aForsyth, Frederick. | ||
| 245 | 4 |
_aThe dogs of war / _cFrederick Forsyth. |
|
| 260 |
_aNew York : _bBantam Books, _c1981. |
||
| 300 |
_a370 pages : _c18 cm. |
||
| 650 | _aFiction. | ||
| 999 |
_c281998 _d281998 |
||